Statistics for Capital Cities Furthest From Another Countries Territory

Click here to take the quiz!

General Stats

  • This quiz has been taken 15 times
  • The average score is 13 of 20

Answer Stats

KmAnswer% Correct
1157Canberra
100%
301Jakarta
93%
925Wellington
87%
571Tokyo
87%
294Washington
87%
653Brasilia
80%
349Suva
73%
456Mexico City
73%
414Beijing
67%
506Manila
67%
336Reykjavik
60%
290Ankara
60%
428Antananarivo
53%
331Honiara
53%
320Tarawa
47%
318Lima
47%
285Male
47%
401Victoria
40%
309Funafuti
40%
401Praia
33%

Score Distribution

Percentile by Number Answered

Percent of People with Each Score

Your Score History

You have not taken this quiz